Spieler der Fußball-WM 2014 - Statistiken

Allgemein
  • Dieses Quiz wurde 258 mal gespielt
  • Das Durchschnittsergebnis liegt bei 8 aus 16
Antwortstatistiken
Bildquiz Hint Antwort % Korrekt
Uruguay Luis Suárez
100%
Brasilien Hulk
93%
Niederlande Robin van Persie
93%
England Steven Gerrard
87%
Japan Shinji Kagawa
83%
Argentinien Javier Mascherano
80%
Italien Daniele De Rossi
65%
Portugal Fábio Coentrão
55%
Frankreich Laurent Koscielny
47%
Australien Tim Cahill
46%
Bosnien & Herzegowina Asmir Begović
28%
Kroatien Vedran Ćorluka
21%
Nigeria Emmanuel Emenike
11%
Elfenbeinküste Boubacar Barry
3%
Iran Alireza Haghighi
0%
Honduras Noel Valladares
0%
Keine übereinstimmenden Quizze gefunden
Verteilung der Resultate
Anzahl Personen mit jedem Resultat
Perzentil nach korrekt beantworteten Fragen
Ihre Resultats-Entwicklung
Sie haben dieses Quiz noch nicht gespielt